Normal view
MARC view
Entry Topical Term
001 - CONTROL NUMBER
- control field: 55315
003 - CONTROL NUMBER IDENTIFIER
- control field: OSt
005 - DATE AND TIME OF LATEST TRANSACTION
- control field: 20241119104342.0
008 - FIXED-LENGTH DATA ELEMENTS
- fixed length control field: 241119|| aca||aabn | a|a d
040 ## - CATALOGING SOURCE
- Original cataloging agency: OSt
- Transcribing agency: OSt
150 ## - HEADING--TOPICAL TERM
- Topical term or geographic name entry element: လင်္ကာရ
670 ## - SOURCE DATA FOUND
- Source citation: Work cat.: (OSt)16700: ကဝိန္ဒာစာရ၊ ဘဒ္ဒန္တ 17320, သီလဝိသုဒ္ဓိဒီပနီ /, ၂၀၁၃။